000 00402nam a2200157Ia 4500
008 240126s9999 xx 000 0 und d
022 _a0976-304X
041 _aEnglish
082 _aLIBRARY-MBA
245 0 _aSamsmriti sams journal
260 _bSambhram Academy of management studies
_aBangalore
440 _aNULL
650 _aManagement
650 _aSamsmriti,sams,Management
942 _cJN
999 _c279435
_d279435